01785nam a2200349 a 4500001001200000003000800012006001900020007001500039008004100054020001800095020002700113040002100140035002100161050002500182245021500207250001200422260011700434300002400551500003400575500021400609504004100823533015200864650003501016650004001051650004701091655002901138710004401167710003801211710004301249710001701292856012601309ebr10558829CaPaEBRm u cr cn|||||||||120519s2012 dcua sb 000 0 eng d z9781583217887 z9781613001523 (e-book) aCaPaEBRcCaPaEBR a(OCoLC)79782327914aTD487.5b.R57 2012eb00aRisk Analysis and Management for Critical Asset Protection (RAMCAP) standard for risk and resilience management of water and wastewater systems using the ASME-ITI RAMCAP Plus methodologyh[electronic resource]. a1st ed. aWashington, D.C. :bACME Innovative Technologies Institute ;aDenver :bAmerican Water Works Association,c2012. axix, 115 p. :bill. a"ANSI/ASME-ITI/AWWA J100-10." a"Effective date : July 1, 2010. Approved by ASME-ITI Management Committee January 15, 2010. Approved by AWWA Board of Directors January 17, 2010. Approved by American National Standards Institute May 4, 2010." aIncludes bibliographical references. aElectronic reproduction.bPalo Alto, Calif. :cebrary,d2011.nAvailable via World Wide Web.nAccess may be limited to ebrary affiliated libraries. 0aWaterworksxSecurity measures. 0aWater utilitiesxSecurity measures. 0aSewage disposal plantsxSecurity measures. 7aElectronic books.2local2 aASME Innovative Technologies Institute.2 aAmerican Water Works Association.2 aAmerican National Standards Institute.2 aebrary, Inc.40uhttp://site.ebrary.com/lib/rucke/Doc?id=10558829zAn electronic book accessible through the World Wide Web; click to view